Standardising the repair of flood-damaged properties (Record no. 69754)

MARC details
000 -LEADER
fixed length control field 01146cam a2200241 4500
001 - CONTROL NUMBER
control field ABS65156
008 - FIXED-LENGTH DATA ELEMENTS--GENERAL INFORMATION
fixed length control field 020311n2002 000 0 eng u
035 ## - SYSTEM CONTROL NUMBER
System control number (Sirsi) u117086
100 ## - MAIN ENTRY--PERSONAL NAME
Personal name Nicholas
-- J.
245 ## - TITLE STATEMENT
Title Standardising the repair of flood-damaged properties
260 ## - PUBLICATION, DISTRIBUTION, ETC.
Date of publication, distribution, etc. 2002
490 ## - SERIES STATEMENT
Series statement Building Engineer
Volume/sequential designation March 2002, 34-36(3)
520 ## - SUMMARY, ETC.
Summary, etc. Discusses the need to benchmark the assessment of flood damage caused to domestic properties. Argues it is important to consider a dwelling's condition prior to it being flooded as this provides a useful comparison when any repair work is carried out. Also the level and quantity of repair work needs to be standardised to try to reduce the subjective perceptive of individual building engineers. To attempt to determine future benchmarks, an internet based questionnaire has been produced. For details: http://www.wlv.ac.uk/sebe/flooding
590 ## - LOCAL NOTE (RLIN)
Local note ABS
650 ## - SUBJECT ADDED ENTRY--TOPICAL TERM
Topical term or geographic name entry element FLOODING
650 ## - SUBJECT ADDED ENTRY--TOPICAL TERM
Topical term or geographic name entry element DOMESTIC PROPERTY
650 ## - SUBJECT ADDED ENTRY--TOPICAL TERM
Topical term or geographic name entry element FLOOD DAMAGE
650 ## - SUBJECT ADDED ENTRY--TOPICAL TERM
Topical term or geographic name entry element DWELLING
650 ## - SUBJECT ADDED ENTRY--TOPICAL TERM
Topical term or geographic name entry element BENCHMARKING
650 ## - SUBJECT ADDED ENTRY--TOPICAL TERM
Topical term or geographic name entry element REPAIR AND MAINTENANCE
690 ## - LOCAL SUBJECT ADDED ENTRY--TOPICAL TERM (OCLC, RLIN)
Topical term or geographic name as entry element HOUSING-DEVELOPMENT
942 ## - ADDED ENTRY ELEMENTS (KOHA)
Suppress in OPAC 0
Holdings
Withdrawn status Lost status Source of classification or shelving scheme Damaged status Not for loan Home library Current library Shelving location Date acquired Total Checkouts Full call number Barcode Date last seen Copy number Price effective from Koha item type
    Dewey Decimal Classification     London London Journal article 11/03/2002   ABS65156 117086-1001 06/08/2019 1 06/08/2019 Journal article